Roy Lichtenstein

Αποθηκεύτηκε σε:
Λεπτομέρειες βιβλιογραφικής εγγραφής
Κύριος συγγραφέας: Hendrickson, Janis
Μορφή: Βιβλίο
Γλώσσα:English
Δημοσίευση: Cologne : Benedikt Taschen, c1988.
Θέματα:
Ετικέτες: Προσθήκη ετικέτας
Δεν υπάρχουν, Καταχωρήστε ετικέτα πρώτοι!

MARC

LEADER 00000cam a2200000 a 4500
001 1/108593
008 150914s1988####gw |||||||||||||| ||eng||
020 |a 3822802700  
040 |a GR-MyUa  |b gre  |c GR-MyUa  |e AACR2 
041 0 |a eng 
082 7 |a 700.92   |2 (23)  
100 1 |a Hendrickson, Janis. 
245 1 0 |a Roy Lichtenstein /   |c Janis Hendrickson.  
246 1 |i Τίτλος εξωφύλλου:   |a Lichtenstein  
260 |a Cologne :   |b Benedikt Taschen,   |c c1988.  
300 |a 96 σ. :   |b εικ. ;   |c 30 εκ.  
600 1 0 |a Lichtenstein, Roy,   |d 1923-1997  |x Criticism and interpretation. 
650 0 |a Pop art  |z United States. 
852 |a INST  |b SYROS  |e 20150914  |h 700.92 LIC  |p 005500012044  |q 005500012044  |t BK  |y 0 
970 |a Κοντού   |b Παρασκευή  |z 14/09/2015